00621nam a2200181 a 450000100100000000500170001000800410002704000250006808200150009324500710010826000530017930000270023249000170025983000240027604900090030095201130030999900170042200002558320200930023908.0110218s1988 dr a 000 0 spa d aDO-SdBNPbspacBNPHU axxxbC965n00aCuentos de los niños de Puerto Plata para los niños del mundo. aSanto Domingo :bEditorial Santo Domingo,c1988. a48 p. :bil. ;c22 cm.1 aRenovación 0aRenovación924897 aBNPD 0010718PDaPDbPDcCTd2011-02-18iLF1l0oxxx C965np25583-10r2020-06-25w2020-06-25yLFPDZNo se presta c25075d25075